| 000 | 01611cam a2200361 i 4500 | ||
|---|---|---|---|
| 001 | 6187 | ||
| 003 | Mx-PuUPA | ||
| 005 | 20220308113706.0 | ||
| 008 | 140415s1992 sp a fre 000 0 spa d | ||
| 017 | _aB-40.348-88 | ||
| 020 |
_a8477410151 _qobra completa |
||
| 020 |
_a847741016X _qtomo 1 |
||
| 020 |
_a8477410178 _qtomo 2 |
||
| 020 |
_a8477410186 _qtomo 3 |
||
| 020 |
_a8477410194 _qtomo 4 |
||
| 020 |
_a8477410208 _qtomo 5 |
||
| 040 |
_aMx-PuUPA _bspa _cMx-PuUPA _dMx-PuUPA _erda |
||
| 041 | 0 | _aspa | |
| 245 | 0 | 0 |
_aBiblioteca Atrium del interiorismo / _ceditor, Francisco Asensio Cerver |
| 264 | 1 |
_aBarcelona, España : _bEdiciones Atrium, _c©1992 |
|
| 300 |
_a5 volúmenes (paginación varía) : _bilustraciones ; _c30 cm. |
||
| 336 |
_2rdacontent _atexto _btxt |
||
| 336 |
_2rdacontent _aimage fija _bsti |
||
| 337 |
_2rdamedia _asin medio _bn |
||
| 338 |
_2rdacarrier _avolumen _bnc |
||
| 490 | 0 | _aColección Técnica de bibliotecas profesionales | |
| 505 | 0 |
_gtomo 1. _tArquitectura de ayer, interiorismo de hoy ; Ideas para habilitar espacios únicos ; Lo rústico puesto al día - _gtomo 2. _tLos estilos se dan cita ; Apartamentos bien resueltos - _gtomo 3. _tCasas de coleccionistas ; Casas en la costa ; Vivir a dos niveles - _gtomo 4. _tCasas de gran ciudad ; Lo racional y lo escueto - _gtomo 5. _tA la decoración por las plantas ; Casas en el campo ; El valor de los grandes espacios. |
|
| 650 | 7 |
_aDecoración de interiores _xMuebles _2armarc |
|
| 700 | 1 |
_aAsensio Cerver, Francisco, _eeditor |
|
| 942 |
_cLI _2ddc _h747 _iB585 |
||
| 999 |
_c6187 _d6187 |
||